Výpoveď o cyklistikej pravde S Kamilom Haťapkom o prekvapeniach, sklamaniach, atmosfére i poučení z MS v cestnej cyklistike

Bibliographic Details
Main Authors: Haťapka, Kamil, 1932- (Author), Kriško, Michal (Author)
Format: Article
Language:Slovak
PhysicalDescription:Obr. 5.
Subjects:

MARC

LEADER 00000nab a2200000 a 4500
001 vtls000295912
003 SK-MaSNL
005 20260303210810.0
008 111201c1987 xo 0 slo
015 |a SNBRB19rr/mm-uuuuu 
035 |a CL0306031 
040 |a SNKBUCL  |b slo  |c SNKBUCL  |e AACR2 
041 0 |a slo 
044 |a xo  |c SK 
080 |a 796.61.093.53(100)  |2 1981 
100 1 |a Haťapka, Kamil,  |d 1932-  |4 aut  |9 235480 
245 1 0 |a Výpoveď o cyklistikej pravde  |b S Kamilom Haťapkom o prekvapeniach, sklamaniach, atmosfére i poučení z MS v cestnej cyklistike  |c Kamil Haťapka, Michal Kriško 
300 |b Obr. 5. 
650 0 7 |a cyklistika  |2 snkbucl  |9 3263 
655 7 |a články z novín a časopisov  |2 snkbucl  |9 267496 
700 1 |a Kriško, Michal  |4 aut  |9 266327 
773 0 |t Štart  |g Roč. 32, č. 39 (1987), s. 6-7 
850 |a Slovenská národná knižnica v Martine  |a MTA001 
852 |a SNK  |b KIS3GCP 
958 |a RK 
992 |a RBX 
999 |c 2201804  |d 2203734